Fr. Conceicao Rodrigues College of Engineering

Basic Business Finance (Record no. 21236)

MARC details
000 -LEADER
fixed length control field 00322nam a2200157Ia 4500
082 ## - DEWEY DECIMAL CLASSIFICATION NUMBER
Classification number 658.1
Item number HUN
100 ## - MAIN ENTRY--PERSONAL NAME
Personal name Hunt/P
245 ## - TITLE STATEMENT
Title Basic Business Finance
260 ## - PUBLICATION, DISTRIBUTION, ETC.
Name of publisher, distributor, etc. Richard D.Irwin
Place of publication, distribution, etc. Illinois
Date of publication, distribution, etc. 1960
300 ## - PHYSICAL DESCRIPTION
Extent 911
546 ## - LANGUAGE NOTE
Language note ENGLISH
650 ## - SUBJECT ADDED ENTRY--TOPICAL TERM
Topical term or geographic name entry element General
654 ## - SUBJECT ADDED ENTRY--FACETED TOPICAL TERMS
Focus term Finance
942 ## - ADDED ENTRY ELEMENTS (KOHA)
Koha item type BOOK
Holdings
Withdrawn status Lost status Damaged status Not for loan Collection Home library Current library Date acquired Total Checkouts Full call number Barcode Date last seen Price effective from Koha item type
        AFT Fr. Agnel's C.Rodrigues College of Engineering Fr. Agnel's C.Rodrigues College of Engineering 17/03/2023   658.1 HUN AFT1725 17/03/2023 17/03/2023 BOOK